Otvorené inovácie a akvizície slovenských start-upov zahraničnými firmami diplomová práca

Na minha lista:
Detalhes bibliográficos
Autor principal: Hurban, Lukáš
Autor Corporativo: Obchodná fakulta EU. Katedra medzinárodného obchodu
Outros Autores: Ferenčíková, Soňa, 1960-
Formato: Livro
Idioma:eslovaco
Publicado em: Bratislava 2022
Tags: Adicionar Tag
Sem tags, seja o primeiro a adicionar uma tag!

MARC

LEADER 00000nbm a2200000 4500
001 0284245
005 20221202103804.6
041 0 |a slo 
044 |a SK 
245 1 0 |a Otvorené inovácie a akvizície slovenských start-upov zahraničnými firmami  |b diplomová práca  |c Lukáš Hurban ; školiteľ: Soňa Ferenčíková 
264 1 |a Bratislava  |c 2022 
300 |a 86 s. 
100 1 |a Hurban, Lukáš 
700 1 |a Ferenčíková, Soňa, 1960- 
710 2 |a Obchodná fakulta EU. Katedra medzinárodného obchodu